| 000 | 01152nam a22002057a 4500 | ||
|---|---|---|---|
| 008 | 230510s2023 xxk||||| ||||o00| 0 eng d | ||
| 041 | _aeng | ||
| 110 | _aJudiciary | ||
| 245 | _aPractice Direction – Cases in the Property Chamber under Part 4A of the Electronic Communications Code | ||
| 260 |
_bCourts & Tribunals Judiciary, _c9 May 2023 |
||
| 490 | _aPractice Direction | ||
| 520 | _aThis Practice Direction relates to applications under paragraph 27D, Part 4A, of the Electronic Communications Code where the Applicant is seeking an order from the First-tier Tribunal (Property Chamber) imposing an agreement on an unresponsive owner of leasehold land. Form ECC1 is prescribed for the purposes of making an application under paragraph 27D of Part 4A. | ||
| 650 | _aELECTRONIC COMMUNICATIONS CODE | ||
| 650 | _aPRACTICE DIRECTION | ||
| 650 | _aTELECOMMUNICATIONS | ||
| 651 | _aUnited Kingdom | ||
| 690 |
_96251 _aLand use |
||
| 856 |
_uhttps://www.judiciary.uk/guidance-and-resources/practice-direction-cases-in-the-property-chamber-under-part-4a-of-the-electronic-communications-code/ _zAvailable via judiciary.uk |
||
| 942 | _n0 | ||
| 999 |
_c121483 _d121483 |
||